Digital design (Record no. 208563)

MARC details
000 -LEADER
fixed length control field 00484nam a2200193Ia 4500
008 - FIXED-LENGTH DATA ELEMENTS--GENERAL INFORMATION
fixed length control field 231221s9999 xx 000 0 und d
020 ## - INTERNATIONAL STANDARD BOOK NUMBER
International Standard Book Number 9790000000000
041 ## - LANGUAGE CODE
Language code of text/sound track or separate title English
082 ## - DEWEY DECIMAL CLASSIFICATION NUMBER
Classification number 621.381952 MAN;28
100 ## - MAIN ENTRY--PERSONAL NAME
Personal name Mano, M Morris. Ciletti, Michael D.
245 #0 - TITLE STATEMENT
Title Digital design
250 ## - EDITION STATEMENT
Edition statement 4th ed.
260 ## - PUBLICATION, DISTRIBUTION, ETC.
Date of publication, distribution, etc. 2008
Name of publisher, distributor, etc. Pearson Education
Place of publication, distribution, etc. New Delhi
300 ## - PHYSICAL DESCRIPTION
Extent xv+623
300 ## - PHYSICAL DESCRIPTION
Dimensions 50548
500 ## - GENERAL NOTE
General note Content page available
650 ## - SUBJECT ADDED ENTRY--TOPICAL TERM
Topical term or geographic name entry element Digital
942 ## - ADDED ENTRY ELEMENTS (KOHA)
Koha item type Compact Disks
Holdings
Date last seen Total checkouts Full call number Accession number Uniform resource identifier Price effective from Category Lost status Damaged status Department Withdrawn status Home library Current library Shelving location Entry date Vendor Grants Billnumber Billdate Currency symbol Conversion rate Discount Old discount
26/01/2024   621.381952 MAN;28 CD3626 digital/contents/50452.pdf 26/01/2024 Compact Disks     Central Library   Central Library Central Library Central Library   Book Paradise IS 50263 26/07/2011 RS 1    
26/01/2024   621.381952 MAN;29 CD3627 digital/contents/50452.pdf 26/01/2024 Compact Disks     Central Library   Central Library Central Library Central Library   Book Paradise IS 50263 26/07/2011 RS 1    
26/01/2024   621.381952 MAN;33 CD4369 digital/contents/50548.pdf 26/01/2024 Compact Disks     Central Library   Central Library Central Library SC-ST   Sapna Book House SC-ST 125 12/04/2010 RS 1    
26/01/2024   621.381952 MAN;33 CD4370 digital/contents/50548.pdf 26/01/2024 Compact Disks     Central Library   Central Library Central Library SC-ST   Sapna Book House SC-ST 125 27/08/2013 RS 1    
26/01/2024   621.381952 MAN;34 CD4371 digital/contents/50548.pdf 26/01/2024 Compact Disks     Central Library   Central Library Central Library SC-ST   Sapna Book House SC-ST 125 27/08/2013 RS 1    
26/01/2024   621.381952 MAN;34 CD4372 digital/contents/50548.pdf 26/01/2024 Compact Disks     Central Library   Central Library Central Library SC-ST   Sapna Book House SC-ST 125 27/08/2013 RS 1    
26/01/2024   621.381952 MAN;33 CD4373 digital/contents/50548.pdf 26/01/2024 Compact Disks     Central Library   Central Library Central Library SC-ST   Sapna Book House SC-ST 125 12/04/2010 RS 1    
26/01/2024   621.381952 MAN;34 CD4374 digital/contents/50548.pdf 26/01/2024 Compact Disks     Central Library   Central Library Central Library SC-ST   Sapna Book House SC-ST 125 28/08/2013 RS 1    

© For any Suggestions or Query, please contact the library staff @ librarian@pes.edu or Phone: +9180 2672 1983/ 2108.